Part 1: Pipelines and the pipelines` Act 1962. Part 2: Water mains, sewers and other pipelines: compensation payable to the landowner. (Record no. 88679)

MARC details
000 -LEADER
fixed length control field 00781cam a2200265 4500
001 - CONTROL NUMBER
control field D15779
008 - FIXED-LENGTH DATA ELEMENTS--GENERAL INFORMATION
fixed length control field 1963
035 ## - SYSTEM CONTROL NUMBER
System control number (Sirsi) u25118
041 ## - LANGUAGE CODE
Language code of text/sound track or separate title eng
050 ## - LIBRARY OF CONGRESS CALL NUMBER
Classification number RICS 1963/26AC
100 ## - MAIN ENTRY--PERSONAL NAME
Personal name Eden, A.R.
245 ## - TITLE STATEMENT
Title Part 1: Pipelines and the pipelines` Act 1962. Part 2: Water mains, sewers and other pipelines: compensation payable to the landowner.
260 ## - PUBLICATION, DISTRIBUTION, ETC.
Place of publication, distribution, etc. London
Name of publisher, distributor, etc. RICS
Date of publication, distribution, etc. 1963
300 ## - PHYSICAL DESCRIPTION
Extent 11p ; 28cm.
350 ## - PRICE (NR) (BK AM CF MU VM SE) [OBSOLETE]
Price 0
520 ## - SUMMARY, ETC.
Summary, etc. Filed in box 1963/26 AC
650 ## - SUBJECT ADDED ENTRY--TOPICAL TERM
Topical term or geographic name entry element PIPELINES ACT 1962
650 ## - SUBJECT ADDED ENTRY--TOPICAL TERM
Topical term or geographic name entry element WATER MAINS
651 #4 - SUBJECT ADDED ENTRY--GEOGRAPHIC NAME
Geographic name United Kingdom
Chronological subdivision
690 ## - LOCAL SUBJECT ADDED ENTRY--TOPICAL TERM (OCLC, RLIN)
Topical term or geographic name as entry element Infrastructure
9 (RLIN) 6246
700 ## - ADDED ENTRY--PERSONAL NAME
Personal name Battersby, E.J.
710 ## - ADDED ENTRY--CORPORATE NAME
Corporate name or jurisdiction name as entry element Royal Institution of Chartered Surveyors
9 (RLIN) 4900
942 ## - ADDED ENTRY ELEMENTS (KOHA)
Suppress in OPAC 0
948 ## - LOCAL PROCESSING INFORMATION (OCLC); SERIES PART DESIGNATOR (RLIN)
c (OCLC) 04/03/1997
Holdings
Withdrawn status Lost status Source of classification or shelving scheme Damaged status Not for loan Home library Current library Shelving location Date acquired Total Checkouts Full call number Barcode Date last seen Copy number Price effective from Koha item type
    Dewey Decimal Classification     London London RICS Boxes 31/08/1995   RICS 1963/26 30022646 06/08/2019 1 06/08/2019 Archive
    Dewey Decimal Classification     London London RICS Boxes 14/09/1999   RICS 1963/26 30005902 06/08/2019 2 06/08/2019 Archive